<?xml version="1.0" encoding="UTF-8"?>
<record
    xmlns:xsi="http://www.w3.org/2001/XMLSchema-instance"
    xsi:schemaLocation="http://www.loc.gov/MARC21/slim http://www.loc.gov/standards/marcxml/schema/MARC21slim.xsd"
    xmlns="http://www.loc.gov/MARC21/slim">

  <leader>00529nam a22001577a 4500</leader>
  <controlfield tag="003">PILC</controlfield>
  <controlfield tag="005">20150112093447.0</controlfield>
  <controlfield tag="008">131014t        xxu||||| |||| 00| 0 eng d</controlfield>
  <datafield tag="050" ind1=" " ind2=" ">
    <subfield code="a">ND 1029</subfield>
    <subfield code="b">.T693 2003</subfield>
  </datafield>
  <datafield tag="082" ind1=" " ind2=" ">
    <subfield code="a">SFt 759 </subfield>
    <subfield code="b">T63 2003</subfield>
  </datafield>
  <datafield tag="100" ind1=" " ind2=" ">
    <subfield code="a">Torres, Emmanuel</subfield>
    <subfield code="9">29179</subfield>
  </datafield>
  <datafield tag="245" ind1=" " ind2=" ">
    <subfield code="a">Nena Saguil : </subfield>
    <subfield code="b">landscapes and inscapes : from the material world to the spiritual /</subfield>
    <subfield code="c">Emmanuel Torres.</subfield>
  </datafield>
  <datafield tag="260" ind1=" " ind2=" ">
    <subfield code="a">Quezon City : </subfield>
    <subfield code="b">Ateneo Art Gallery, </subfield>
    <subfield code="x">yz2003.</subfield>
  </datafield>
  <datafield tag="300" ind1=" " ind2=" ">
    <subfield code="a">62 pages :</subfield>
    <subfield code="b">colored illustration ;</subfield>
    <subfield code="c">25 cm.</subfield>
  </datafield>
  <datafield tag="942" ind1=" " ind2=" ">
    <subfield code="2">lcc</subfield>
    <subfield code="c">BK</subfield>
  </datafield>
  <datafield tag="999" ind1=" " ind2=" ">
    <subfield code="c">14963</subfield>
    <subfield code="d">14963</subfield>
  </datafield>
  <datafield tag="952" ind1=" " ind2=" ">
    <subfield code="0">0</subfield>
    <subfield code="1">0</subfield>
    <subfield code="2">lcc</subfield>
    <subfield code="4">0</subfield>
    <subfield code="a">SFU</subfield>
    <subfield code="b">SFU</subfield>
    <subfield code="c">SFU</subfield>
    <subfield code="d">2013-10-14</subfield>
    <subfield code="l">0</subfield>
    <subfield code="o">ND 1029 .T693 2003</subfield>
    <subfield code="p">SFU1394</subfield>
    <subfield code="r">2018-05-15 00:00:00</subfield>
    <subfield code="t">1</subfield>
    <subfield code="w">2013-10-14</subfield>
    <subfield code="y">BK</subfield>
  </datafield>
</record>
